000 00414nam a2200145Ia 4500
008 240729s9999 xx 000 0 und d
022 _a1747-762X
245 0 _aInternational Journal of Agricultural Sustainability
260 _aUnited Kingdom
260 _bTaylor & Francis Group
650 _aAgriculture
856 _uhttps://doaj.org/toc/fbab48a2de074216bd18e0fd6e745927
942 _2ddc
942 _cDOAJEJ
999 _c69036
_d69036
945 _a1
_bMadushi Gamage
_c1
_dMadushi Gamage